| 000 | 02255cam a22004694a 4500 | ||
|---|---|---|---|
| 001 | muse84987 | ||
| 003 | MdBmJHUP | ||
| 005 | 20210127151655.0 | ||
| 006 | m o d | ||
| 007 | cr||||||||nn|n | ||
| 008 | 181008s1985 mx o 00 0 spa d | ||
| 020 | _a9786075640129 | ||
| 020 | _z9681202759 | ||
| 020 | _z9789681202750 | ||
| 035 | _a(OCoLC)1151448184 | ||
| 040 |
_aMdBmJHUP _cMdBmJHUP |
||
| 100 | 1 |
_aZavala, Silvio, _d1909-2014. |
|
| 245 | 1 | 3 |
_aEl servicio personal de los indios en la Nueva España _b1550-1575 / _cSilvio Zavala. |
| 264 | 1 | _bColegio de Mexico, | |
| 264 | 3 | _bProject MUSE, | |
| 300 | _a1 online resource (1 online resource) | ||
| 506 | 0 |
_aOpen Access _fUnrestricted online access _2star |
|
| 520 | _aMonumental investigación sobre la historia laboral en la Nueva España, que hace especial enfasis en el trabajo obligatorio o voluntario de los indios. La obra expone la evolución general de las instituciones laborales en cada periodo, el examen de cada clase de servicio y del patrono al que se destina, y presenta cuadros con información sobre precios donde se aprecia el valor de los jornaleros en cada etapa. Este trabajo se vuelve entonces imprescindible para la historia de las bases de la vida social en la Nueva España. | ||
| 588 | _aDescription based on print version record. | ||
| 650 | 0 |
_aIndians, Treatment of. _2fast _0(OCoLC)fst00970120 |
|
| 650 | 0 |
_aIndians of Mexico _xGovernment relations. _2fast _0(OCoLC)fst00969556 |
|
| 650 | 0 |
_aEncomiendas (Latin America) _2fast _0(OCoLC)fst00909516 |
|
| 650 | 0 |
_aIndians, Treatment of _zMexico _xHistory. |
|
| 650 | 0 |
_aIndians of Mexico _xEmployment _xHistory. |
|
| 650 | 0 | _aEncomiendas (Latin America) | |
| 650 | 0 |
_aIndians of Mexico _xGovernment relations. |
|
| 651 | 0 |
_aMexico. _2fast _0(OCoLC)fst01211700 |
|
| 655 | 0 |
_aHistory. _2fast _0(OCoLC)fst01411628 |
|
| 655 | 7 |
_aElectronic books. _2local |
|
| 710 | 2 |
_aProject Muse. _edistributor |
|
| 830 | 0 | _aBook collections on Project MUSE. | |
| 856 | 4 | 0 |
_zFull text available: _uhttps://muse.jhu.edu/book/74821/ |
| 999 |
_c26626 _d26626 |
||